| 000 | 00465nam a2200193Ia 4500 | ||
|---|---|---|---|
| 005 | 20240913130144.0 | ||
| 008 | 240913s9999||||xx |||||||||||||| ||und|| | ||
| 041 | _aENGLISH | ||
| 082 | _A4.22 | ||
| 100 | _aBaron,Robert A | ||
| 245 | 0 | _aComputer Architecture | |
| 250 | _a1st | ||
| 260 | _bAddision-Wesley,Sing | ||
| 500 | _aREFERENCE | ||
| 650 |
_aComputer Architecture _bComputer Applications |
||
| 700 | _a Higbie,Bee | ||
| 942 | _cREF | ||
| 999 |
_c247091 _d247091 |
||